000 00456cam a2200145 4500500
005 20251012032515.0
041 _afre
042 _adc
100 1 0 _aRomano de Sant’Anna, Affonso
_eauthor
245 0 0 _aO enigma e o vazio na arte contemporânea
260 _c2003.
500 _a86
786 0 _nSigila | 11 | 1 | 2003-06-20 | p. 183-194 | 1286-1715
856 4 1 _uhttps://shs.cairn.info/revue-sigila-2003-1-page-183?lang=fr&redirect-ssocas=7080
999 _c1547517
_d1547517